00754nam a2200205Ia 4500008004100000020001800041082001700059100002500076245003500101250000700136260004700143300002700190500001900217600003300236650001300269856010700282942000700389952013500396999001700531240925s9999 xx 000 0 und d a9781851685110 a297.4092 CHI aChittick, William C. 0aIbn Arabi: Heir to the Prophet aNA aNew York:bOxford University Pressc,2009. a647p.b6-MayfOriginal aIncludes Index aHumanities & Natural Science aReligion uhttps://drive.google.com/file/d/174KpPCpfn-Bo708uqh8IzuQfAfaNqCIv/view?usp=sharingyClick here for PDF cBK 011040708HUMaUITUbUITUd2015-03-03eWisdom Book Componyg866.66l0o297.4092 CHIpQ10159r2024-09-25 07:15:36w2024-09-25yBK c12658d12658